Cross-border effects of restructuring, including change of legal form : proceedings of a seminar held in Munich, Germany, in 2000 during the 54th Congress of the International Fiscal Association (Record no. 142232)

MARC details
000 -LEADER
fixed length control field 01066nam a2200241Ia 4500
008 - FIXED-LENGTH DATA ELEMENTS--GENERAL INFORMATION
fixed length control field 191130s2001##################000#0#eng##
020 ## - INTERNATIONAL STANDARD BOOK NUMBER
ISBN 9041116796
082 ## - DEWEY DECIMAL CLASSIFICATION NUMBER
Classification number 338.6094 MAI
100 ## - MAIN ENTRY--AUTHOR NAME
Personal name Maisto, Guglielmo
245 ## - TITLE STATEMENT
Title Cross-border effects of restructuring, including change of legal form : proceedings of a seminar held in Munich, Germany, in 2000 during the 54th Congress of the International Fiscal Association
Statement of responsibility, etc chair, Guglielmo Maisto
260 ## - PUBLICATION, DISTRIBUTION, ETC. (IMPRINT)
Place of publication The Hague ; Boston
Name of publisher Kluwer Law International
Year of publication c2001
300 ## - PHYSICAL DESCRIPTION
Number of Pages xiv, 179 p. : ill. ; 21 cm
500 ## - GENERAL NOTE
General note Mostly in English ; some text in Dutch, French, German, Italian and Spanish
650 ## - SUBJECT ADDED ENTRY--TOPICAL TERM
Topical Term Corporate reorganizations - Taxation - Congresses
Topical Term Economics
Topical Term International business enterprises - Taxation - Law and legislation - Congresses
710 ## - ADDED ENTRY--CORPORATE NAME
Corporate name or jurisdiction name as entry element International Fiscal Association. Congress (54th : 2000 : Munich, Germany)
991 ## -
-- 215247
Holdings
Withdrawn status Lost status Damaged status Not for loan Home library Current library Shelving location Date acquired Full call number Accession Number Price effective from Koha item type
        Anna Centenary Library Anna Centenary Library 4TH FLOOR, A WING 12.10.2020 338.6094 MAI 138919 12.10.2020 English Books

Find us on the map